| 000 | 00828nam a2200265Ia 4500 | ||
|---|---|---|---|
| 003 | GCL | ||
| 008 | 140319s9999 xx 000 0 ara d | ||
| 020 | _a1285268977 | ||
| 040 |
_aGCL / _cGCL |
||
| 082 | 0 | 4 |
_a745.4 _bم ع |
| 100 | 1 | _aمحسن شاكر | |
| 245 | 1 | 0 |
_aالعلامة التجارية : _bفكر وفن / _cمحسن شاكر |
| 260 |
_aالقاهرة : _bدار اليقين للنشر والتوزيع ، _c1993 |
||
| 300 |
_a148 ص: _bايض ؛ _c23 سم |
||
| 490 | _a | ||
| 650 | 0 | 4 | _aالفن |
| 650 | 0 | 4 | _aصناعة وتجارة |
| 650 | 0 | 4 | _aالتصميم |
| 650 | 0 | 4 | _aالعلامات التجارية |
| 650 | 0 | 4 | _aالشعارات |
| 650 | 0 | 4 | _aالعلامات والرموز |
| 650 | 0 | 4 | _aالكتابة بالرموز |
| 650 | 0 | 4 | _aالتصميم الصناعى |
| 942 |
_2ddc _cBK |
||
| 999 |
_c58866 _d58866 |
||